Największe miasta we Włoszech - Statystyki

Ogólne statystyki
  • Ten quiz został rozwiązany 288 razy
  • Średni wynik to 11 z 20
Statystyki odpowiedzi
Populacja Miasto % Poprawnych
2 748 109 Rzym
100%
1 354 196 Mediolan
97%
913 462 Neapol
95%
841 600 Turyn
91%
250 369 Wenecja
87%
360 930 Florencja
82%
630 167 Palermo
80%
387 971 Bolonia
69%
316 015 Bari
67%
558 745 Genua
66%
255 588 Werona
59%
298 762 Katania
49%
196 764 Parma
47%
198 417 Triest
37%
206 496 Padwa
33%
184 153 Modena
25%
196 446 Brescia
19%
218 786 Mesyna
19%
188 098 Tarent
6%
195 736 Prato
5%
Nie znaleziono quizów pasujących do podanych kryteriów
Rozkład punktacji
Procent ludzi z każdym wynikiem
Percentyl według liczby udzielonych odpowiedzi
Twoja historia wyników
Nie rozwiązałeś tego quizu